[Event "SUI-ch Seniors 117th "]
[Site "Graechen"]
[Date "2017.07.18"]
[Round "4"]
[White "Huss, Benjamin"]
[Black "Perruchoud, Pierre"]
[Result "1-0"]
[WhiteElo "2105"]
[BlackElo "2002"]
[PlyCount "133"]
[EventDate "2017.07.15"]
[EventType "swiss"]
[EventRounds "7"]
[EventCountry "SUI"]
[SourceTitle "EXT 2019"]
[Source "ChessBase"]
[SourceDate "2018.10.10"]
[SourceVersion "1"]
[SourceVersionDate "2018.10.10"]
[SourceQuality "1"]

1. e4 c5 2. Nf3 e6 3. d3 Nc6 4. g3 d6 5. Bg2 Nf6 6. 0-0 Be7 7. Nh4 0-0 8. f4 Qc7 9. Nc3 a6 10. g4 Nd7 11. g5 b5 12. f5 b4 13. Ne2 Bb7 14. Bh3 exf5 15. Nxf5 Nde5 16. Neg3 Rfe8 17. Bf4 Bf8 18. Bg2 g6 19. Nh6+ Bxh6 20. gxh6 f6 21. Qd2 Rf8 22. h4 Rf7 23. c3 bxc3 24. bxc3 c4 25. d4 Nd3 26. Be3 Re8 27. Rf3 Nd8 28. d5 Ne5 29. Rf4 Nd3 30. Rff1 Bc8 31. Bd4 Ne5 32. Rf4 Ref8 33. Raf1 Qe7 34. Rb1 Nd3 35. Rff1 f5 36. exf5 Bxf5 37. Qg5 Qd7 38. h5 Nb7 39. hxg6 Bxg6 40. Rxf7 Rxf7 41. Ne4 Qf5 42. Nf6+ Kf8 43. Qxf5 Bxf5 44. Rb6 Ndc5 45. Bf3 Ke7 46. Nh5 Kd7 47. Ng7 Kc7 48. Rc6+ Kb8 49. Bxc5 dxc5 50. Rxa6 Bc8 51. Bh5 Rd7 52. Bf3 Rf7 53. Bh5 Rd7 54. Bf3 Rf7 55. Bg2 Rf4 56. Ne6 Rh4 57. Nf8 Bf5 58. Rf6 Rh5 59. d6 Bg6 60. Nxg6 hxg6 61. Bxb7 Kxb7 62. Rxg6 Kc6 63. Kg2 Rd5 64. Rg3 Rxd6 65. h7 Rh6 66. Rh3 Rg6+ 67. Kh2 1-0

[Event "WchT Seniors 65"]
[Site "Vilnius"]
[Date "2014.07.21"]
[Round "9.5"]
[White "Huss, Benjamin"]
[Black "Reuben, Stewart"]
[Result "1/2-1/2"]
[WhiteElo "2122"]
[BlackElo "2052"]
[PlyCount "66"]
[EventDate "2014.07.13"]
[EventType "team-swiss"]
[EventRounds "9"]
[EventCountry "LTU"]
[SourceTitle "CBM 161 Extra"]
[Source "ChessBase"]
[SourceDate "2014.08.29"]
[SourceVersion "1"]
[SourceVersionDate "2014.08.29"]
[SourceQuality "1"]
[WhiteTeam "Switzerland"]
[BlackTeam "England"]
[WhiteTeamCountry "SUI"]
[BlackTeamCountry "ENG"]

1. e4 c5 2. Nf3 Nc6 3. d3 g6 4. g3 Bg7 5. Bg2 Nf6 6. 0-0 d5 7. Nbd2 0-0 8. Re1 h6 9. a4 Be6 10. c3 dxe4 11. dxe4 Qd7 12. Qc2 Rad8 13. Bf1 Ng4 14. Nc4 Bxc4 15. Bxc4 Nge5 16. Nxe5 Nxe5 17. Bf1 c4 18. Be3 Nd3 19. Red1 b6 20. b3 Qc6 21. bxc4 Ne5 22. c5 bxc5 23. f4 Nd7 24. Bb5 Qc7 25. Rxd7 Rxd7 26. Bxd7 Qxd7 27. Rd1 Qb7 28. Bxc5 Rc8 29. Bd4 Bxd4+ 30. Rxd4 Qc6 31. Rd3 Qc4 32. e5 e6 33. Qd1 Kg7 1/2-1/2

[Event "WchT Seniors 65"]
[Site "Vilnius"]
[Date "2014.07.19"]
[Round "7.5"]
[White "Huss, Benjamin"]
[Black "Singer, Hans"]
[Result "1/2-1/2"]
[WhiteElo "2122"]
[BlackElo "2174"]
[PlyCount "108"]
[EventDate "2014.07.13"]
[EventType "team-swiss"]
[EventRounds "9"]
[EventCountry "LTU"]
[SourceTitle "CBM 161 Extra"]
[Source "ChessBase"]
[SourceDate "2014.08.29"]
[SourceVersion "1"]
[SourceVersionDate "2014.08.29"]
[SourceQuality "1"]
[WhiteTeam "Switzerland"]
[BlackTeam "Austria"]
[WhiteTeamCountry "SUI"]
[BlackTeamCountry "AUT"]

1. Nf3 d5 2. b3 Bf5 3. Bb2 e6 4. g3 h6 5. Bg2 Nf6 6. 0-0 Be7 7. d3 c5 8. Nbd2 0-0 9. Re1 Nc6 10. Ne5 Nxe5 11. Bxe5 Bg6 12. c4 Qd7 13. Rc1 Ng4 14. Bb2 d4 15. Nf3 Qc7 16. h3 Nf6 17. b4 Rad8 18. bxc5 Bxc5 19. Qb3 b6 20. Ba3 Nd7 21. Nd2 Rfe8 22. Bxc5 Nxc5 23. Qc2 e5 24. Nb3 Bf5 25. Nxc5 Qxc5 26. Rb1 Bd7 27. Kh2 Rc8 28. Qb3 Bc6 29. Bxc6 Qxc6 30. f3 Qe6 31. Qa4 Re7 32. e4 dxe3 33. Rxe3 Rd8 34. Rbe1 Qf5 35. Qa3 Red7 36. g4 Qf4+ 37. Kg2 f6 38. Qb3 Kh7 39. Qc2 Kh8 40. Qe2 Qg5 41. Rd1 Rd4 42. Re4 Qg6 43. Rxd4 Rxd4 44. Qe3 Kh7 45. Kf2 Qe8 46. Rd2 Qd7 47. Qe2 Qd6 48. Kg2 h5 49. Qe3 Qd7 50. Kf2 Qf7 51. Ke2 Qg6 52. Rd1 Qf7 53. Rg1 b5 54. g5 g6 1/2-1/2

[Event "SUI-ch Seniors"]
[Site "Flims"]
[Date "2012.07.??"]
[Round "3"]
[White "Huss, Benjamin"]
[Black "Vucenovic, Dragomir"]
[Result "0-1"]
[WhiteElo "2128"]
[BlackElo "2266"]
[PlyCount "177"]
[EventDate "2012.07.??"]
[EventType "tourn"]
[EventRounds "7"]
[EventCountry "SUI"]
[SourceTitle "EXT 2013"]
[Source "ChessBase"]
[SourceDate "2012.11.22"]
[SourceVersion "1"]
[SourceVersionDate "2012.11.22"]
[SourceQuality "1"]

1. Nf3 d5 2. g3 Nf6 3. Bg2 Bg4 4. d3 Nbd7 5. Nbd2 e5 6. e4 d4 7. h3 Bxf3 8. Nxf3 Be7 9. 0-0 0-0 10. Nh4 g6 11. Bh6 Re8 12. Qd2 Nh5 13. Nf3 Bf8 14. Bxf8 Nxf8 15. Nh2 Qe7 16. Bf3 Ng7 17. Bg2 c6 18. Rae1 Nd7 19. Qh6 Qf8 20. Qd2 Re7 21. f4 exf4 22. gxf4 f5 23. Qf2 fxe4 24. dxe4 c5 25. e5 Rb8 26. Bd5+ Kh8 27. Ng4 Nf5 28. Bb3 h5 29. e6 hxg4 30. exd7 g3 31. Qf3 Rxd7 32. Be6 Rh7 33. Bxf5 Qxf5 34. Qxg3 Qxh3 35. Qxh3 Rxh3 36. Re6 Rg8 37. Re7 Rh7 38. Re5 b6 39. Kg2 Rf7 40. Kf3 Rgf8 41. Re4 Kg7 42. Rfe1 Rd8 43. R1e2 Rd5 44. Kg4 d3 45. cxd3 Rxd3 46. b4 cxb4 47. Rxb4 Rfd7 48. a4 R3d5 49. Rc4 Kf6 50. Rce4 Rd4 51. Re6+ Kf7 52. a5 b5 53. Rc6 R4d6 54. Rc8 Rb7 55. Rh2 Ke6 56. Re8+ Kf6 57. Rf8+ Ke6 58. Re8+ Kd5 59. Rd2+ Kc6 60. Rc8+ Kd7 61. Rd8+ Kxd8 62. Rxd6+ Kc7 63. Rxg6 b4 64. f5 b3 65. Rg7+ Kc6 66. Rxb7 Kxb7 67. f6 b2 68. f7 b1Q 69. f8Q Qg1+ 70. Kh3 Qe3+ 71. Kg4 Ka6 72. Qb4 Qe5 73. Kf3 Qxa5 74. Qc4+ Qb5 75. Qc8+ Ka5 76. Ke3 Kb4 77. Qf8+ Ka4 78. Kd2 Qb2+ 79. Kd1 a5 80. Qe8+ Ka3 81. Qe3+ Ka2 82. Qe6+ Ka1 83. Qc6 Qd4+ 84. Kc2 Qf2+ 85. Kd3 Qf1+ 86. Kd2 Qf2+ 87. Kd3 Qg3+ 88. Kd2 Qb3 89. Kc1 0-1

[Event "Merano Gold Cup 40th"]
[Site "Merano"]
[Date "2012.04.??"]
[Round "6"]
[White "Wempe, Juergen"]
[Black "Huss, Benjamin"]
[Result "1-0"]
[WhiteElo "2157"]
[BlackElo "2142"]
[PlyCount "65"]
[EventDate "2012.04.13"]
[EventType "swiss"]
[EventRounds "9"]
[EventCountry "ITA"]
[SourceTitle "EXT 2015"]
[Source "ChessBase"]
[SourceDate "2014.11.20"]
[SourceVersion "1"]
[SourceVersionDate "2014.11.20"]
[SourceQuality "1"]

1. d4 Nf6 2. Nc3 g6 3. e4 d6 4. f4 Bg7 5. Be2 0-0 6. e5 Nfd7 7. Ne4 c5 8. c3 cxd4 9. cxd4 Nb6 10. Nf3 Bf5 11. Nf2 h5 12. h3 Qd7 13. g4 hxg4 14. hxg4 Bxg4 15. Nxg4 Qxg4 16. Ng5 Qg3+ 17. Kf1 dxe5 18. Rh3 exf4 19. Rxg3 fxg3 20. Bf3 Nc6 21. Bxc6 bxc6 22. Be3 Rad8 23. Ke2 g2 24. Qg1 Nd5 25. Rd1 Rfe8 26. Qxg2 Nxe3 27. Kxe3 e5 28. d5 Bh6 29. Rh1 Bf8 30. Ne4 Bg7 31. dxc6 f5 32. c7 Rd4 33. Nf6+ 1-0

[Event "Verbandsliga Sued Baden 1112"]
[Site "Germany"]
[Date "2012.03.25"]
[Round "8.1"]
[White "Merkel, Markus"]
[Black "Huss, Benjamin"]
[Result "1/2-1/2"]
[WhiteElo "2145"]
[BlackElo "2142"]
[PlyCount "93"]
[EventDate "2011.10.09"]
[EventType "team-tourn"]
[EventRounds "9"]
[EventCountry "GER"]
[SourceTitle "EXT 2013"]
[Source "ChessBase"]
[SourceDate "2012.11.22"]
[SourceVersion "1"]
[SourceVersionDate "2012.11.22"]
[SourceQuality "1"]
[WhiteTeam "Iffezheim"]
[BlackTeam "Engen"]
[WhiteTeamCountry "GER"]
[BlackTeamCountry "GER"]

1. Nf3 Nf6 2. g3 g6 3. c4 Bg7 4. Bg2 d6 5. 0-0 0-0 6. Nc3 e5 7. d3 c5 8. Bg5 h6 9. Bxf6 Bxf6 10. Ne1 Nc6 11. Nc2 Bg7 12. Rb1 f5 13. Ne3 h5 14. Ned5 h4 15. a3 f4 16. Ne4 Nd4 17. h3 hxg3 18. fxg3 Be6 19. g4 Bxd5 20. cxd5 b5 21. Nd2 a5 22. Nf3 Nxf3+ 23. Bxf3 Qh4 24. Bg2 Bf6 25. Qe1 Qg5 26. Be4 Kg7 27. Kg2 b4 28. Rh1 Rh8 29. Kf3 Rh4 30. axb4 axb4 31. Ra1 Rah8 32. Ra7+ Be7 33. Qf1 Rf8 34. b3 Kf6 35. Qg2 Rfh8 36. Kf2 Rf8 37. Kf3 Rfh8 38. Kf2 Rf8 39. Kf3 Rf7 40. Kf2 Rfh7 41. Qf3 Rf7 42. Kg2 Kg7 43. Ra8 Rh7 44. Rha1 Qh4 45. R8a7 Rh8 46. R7a6 Rd8 47. Qf2 1/2-1/2

[Event "Verbandsliga Sued Baden 1112"]
[Site "Germany"]
[Date "2011.12.11"]
[Round "4.2"]
[White "Huss, Benjamin"]
[Black "Leutwyler, Martin"]
[Result "1/2-1/2"]
[WhiteElo "2141"]
[BlackElo "2131"]
[PlyCount "54"]
[EventDate "2011.10.09"]
[EventType "team-tourn"]
[EventRounds "9"]
[EventCountry "GER"]
[SourceTitle "EXT 2013"]
[Source "ChessBase"]
[SourceDate "2012.11.22"]
[SourceVersion "1"]
[SourceVersionDate "2012.11.22"]
[SourceQuality "1"]
[WhiteTeam "Engen"]
[BlackTeam "Gottmadingen"]
[WhiteTeamCountry "GER"]
[BlackTeamCountry "GER"]

1. f4 d5 2. e3 Nf6 3. Nf3 g6 4. b3 Bg7 5. Bb2 0-0 6. Be2 c5 7. 0-0 Nc6 8. Ne5 Bd7 9. Bf3 Qc7 10. Nxc6 Bxc6 11. Be5 Qd7 12. d3 Rad8 13. Nd2 Ne8 14. Bxg7 Nxg7 15. Qe2 Nf5 16. Bg4 e6 17. Nf3 d4 18. Ne5 Qc7 19. Bxf5 exf5 20. e4 Rde8 21. Rae1 f6 22. Nxc6 Qxc6 23. Qf3 fxe4 24. dxe4 f5 25. e5 Qxf3 26. Rxf3 Kf7 27. c4 Rc8 1/2-1/2